Hồn Việt

Gardado en:
Detalles Bibliográficos
Autor Corporativo: Trung tâm Nghiên cứu Quốc học
Formato: Libro
Idioma:Undetermined
Publicado: Hà Nội Văn học 2004
Những chủ đề:
Các nhãn: Engadir etiqueta
Sen Etiquetas, Sexa o primeiro en etiquetar este rexistro!
Thư viện lưu trữ: Trung tâm Học liệu Trường Đại học Cần Thơ
LEADER 00532nam a2200193Ia 4500
001 CTU_90986
008 210402s9999 xx 000 0 und d
020 |c 45000 
082 |a 306 
082 |b Tr513/T.3 
110 |a Trung tâm Nghiên cứu Quốc học 
245 0 |a Hồn Việt 
245 0 |c Trung tâm Nghiên cứu Quốc học 
260 |a Hà Nội 
260 |b Văn học 
260 |c 2004 
650 |a Culture 
904 |i Mai Loan 
980 |a Trung tâm Học liệu Trường Đại học Cần Thơ